白色危機 : (Record no. 6850)
[ view plain ]
| 000 -記錄標示(系統產生) | |
|---|---|
| fixed length control field | 00805cam a2200217 i 4500 |
| 020 ## - ISBN | |
| ISBN | 9789864930845 |
| 價格 | NT$360 |
| 100 1# - 主要款目 | |
| 第一作者姓名 | 周恬弘 |
| 245 10 - 書籍基本資料 | |
| 書名 | 白色危機 : |
| 副標題 | 我們該如何面對高齡社會、醫病關係、醫療變遷的種種問題? / |
| 作者名稱 | 周恬弘著 |
| 260 ## - 書籍出版資料 | |
| 出版地 | 臺北市 : |
| 出版者 | 啟動文化, |
| 出版年 | 2018.05. |
| 300 ## - 外觀規格(長、寬、高) | |
| 數量(面數, 冊數或其他) | 299 面 : |
| 插圖及其他 | 圖 ; |
| 高廣尺寸 | 21 公分 |
| 490 0# - 套書系列資料 | |
| 套書名稱 | On Value ; |
| 冊次號 | 28. |
| 942 ## - 其他項目(KOHA) | |
| 分類法來源 | 中文圖書分類法 |
| 館藏類型設定 | 一般圖書 |
| 撤銷狀態 | 遺失狀態 | 分類號來源 | 損壞狀態 | 不外借 | 永久館藏地 | 現在館藏地 | 書架位置 | 採購日期 | 所有借閱數 | 完整索書號 | 條碼號 | 最後一次日期記錄 | 一般價格有效日期 | Koha館藏類型 | 公開資訊 |
|---|---|---|---|---|---|---|---|---|---|---|---|---|---|---|---|
| 未註銷館藏 | 未遺失 | 中文圖書分類法 | 未損毀 | 可外借 | 怡仁綜合醫院圖書館 | 怡仁綜合醫院圖書館 | 2018-07-17 | 419.47 | C02428 | 2018-07-17 | 2018-07-17 | 一般圖書 | ◎醫療訴訟: 將近九成的受訪醫師會採取「防禦性醫療」來自保,執行比臨床必要更多的檢查,反而增加了病人診療過程的風險以及醫療成本。甚至,醫師為了避免遇到醫療糾紛的麻煩,而不願治療高風險的病人。 ◎專科醫師缺人: 年輕一輩醫師不願意走內、外、婦、兒與急診這五大專科,最主要的原因是五大科醫師處理的病情多半比較複雜,臨床責任較重,生活品質較差,但健保給付卻相對少。此外,五大科醫師面臨愈來愈頻繁的醫療糾紛風險,也是讓資深醫師萌生離意,使年輕醫師望之卻步的主要原因。 |